Văn hóa văn nghệ vì sự phát triển xã hội

Sparad:
Bibliografiska uppgifter
Huvudupphovsman: Huỳnh Khái Vinh
Materialtyp: Bok
Språk:Undetermined
Publicerad: Hà Nội Văn Học 1996
Ämnen:
Taggar: Lägg till en tagg
Inga taggar, Lägg till första taggen!
Thư viện lưu trữ: Trung tâm Học liệu Trường Đại học Cần Thơ
LEADER 00553nam a2200193Ia 4500
001 CTU_32648
008 210402s9999 xx 000 0 und d
020 |b 21.000đ 
082 |a 306 
082 |b V312 
100 |a Huỳnh Khái Vinh 
245 0 |a Văn hóa văn nghệ vì sự phát triển xã hội 
245 0 |c Huỳnh Khái Vinh 
260 |a Hà Nội 
260 |b Văn Học 
260 |c 1996 
650 |a vietnam - civilization 
904 |i Minh, 990814 
980 |a Trung tâm Học liệu Trường Đại học Cần Thơ